| 000 | 00705nam a22002057a 4500 | ||
|---|---|---|---|
| 999 |
_c19523 _d19523 |
||
| 003 | AR-CdUCM | ||
| 008 | 190517b ||||| |||| 00| 0 spa d | ||
| 040 |
_aMUNICIPALIDAD PROVINCIAL DEL CUSCO _cBIBLIOTECA MUNICIPAL DEL CUSCO |
||
| 082 |
_a985.61 / _bC23 |
||
| 100 |
_aCalvo C, Rossano _939546 |
||
| 245 | _aCusco sociedad y cultura (siglos XIX-XX) / | ||
| 260 |
_aCusco : _bAndina, _c1991. |
||
| 300 |
_a107 paginas ; _c21 cm. |
||
| 505 | _aContenido: Perspectivas disciplinarias en el estudio de la ciudad del cusco -- Antropologia urbana unquehacer en desarrollo | ||
| 650 |
_aCusco _9772 |
||
| 650 |
_aSociedad _953 |
||
| 650 |
_aCultura _9126 |
||
| 942 |
_2ddc _cLIBROS |
||
| 945 |
_apjha _d2019-05-17 |
||